000
00207nam a22000857a 4500
008
151221b xxu||||| |||| 00| 0 eng d
100
_a
National Philatelic Museum
245
_a
Egypt
650
_a
Exhibitions | Egypt
999
_c
1752
_d
1752